| 000 -LEADER |
| fixed length control field |
00856cam a2200301 i 4500 |
| 020 ## - INTERNATIONAL STANDARD BOOK NUMBER |
| ISBN |
9781597180856 |
| 020 ## - INTERNATIONAL STANDARD BOOK NUMBER |
| ISBN |
1597180858 |
| 040 ## - CATALOGING SOURCE |
| Transcribing agency |
BNG |
| 082 ## - DEWEY DECIMAL CLASSIFICATION NUMBER |
| Classification number |
519 STA 2011 A026 Or. |
| 245 00 - TITLE STATEMENT |
| Title |
Stata quick reference and index : |
| Remainder of title |
release 12. |
| 246 14 - VARYING FORM OF TITLE |
| Title proper/short title |
Stata release 12 : |
| Remainder of title |
quick reference and index |
| 246 18 - VARYING FORM OF TITLE |
| Title proper/short title |
Stata 12 : |
| Remainder of title |
quick reference and index |
| 260 ## - PUBLICATION, DISTRIBUTION, ETC. (IMPRINT) |
| Place of publication |
College Station, Tex. : |
| Name of publisher |
StataCorp LP, |
| Year of publication |
©2011. |
| 300 ## - PHYSICAL DESCRIPTION |
| Number of Pages |
i, 189 pages ; |
| Dimensions |
24 cm. |
| 490 1# - SERIES STATEMENT |
| Series statement |
Stata Press Publication |
| 500 ## - GENERAL NOTE |
| General note |
"A Stata Press Publication." |
| 500 ## - GENERAL NOTE |
| General note |
Includes indexes. |
| 650 #0 - SUBJECT ADDED ENTRY--TOPICAL TERM |
| Topical Term |
Statistics |
| 650 #0 - SUBJECT ADDED ENTRY--TOPICAL TERM |
| Topical Term |
Statistics |
| 650 #0 - SUBJECT ADDED ENTRY--TOPICAL TERM |
| Topical Term |
Social sciences |
| 650 #0 - SUBJECT ADDED ENTRY--TOPICAL TERM |
| Topical Term |
Social sciences |
| 650 #7 - SUBJECT ADDED ENTRY--TOPICAL TERM |
| Topical Term |
Social sciences |
| 650 #7 - SUBJECT ADDED ENTRY--TOPICAL TERM |
| Topical Term |
Social sciences |
| 650 #7 - SUBJECT ADDED ENTRY--TOPICAL TERM |
| Topical Term |
Statistics |
| 650 #7 - SUBJECT ADDED ENTRY--TOPICAL TERM |
| Topical Term |
Statistics |
| 710 2# - ADDED ENTRY--CORPORATE NAME |
| Corporate name or jurisdiction name as entry element |
StataCorp LP. |
| 942 ## - ADDED ENTRY ELEMENTS (KOHA) |
| Koha item type |
សៀវភៅភាសាអង់គ្លេស |
| 952 ## - LOCATION AND ITEM INFORMATION (KOHA) |
| Withdrawn status [LOCAL, KOHA] |
0 |